Čínsky model ekonomického rastu v procese hospodárskych reforiem
Jedným z kľúčových faktorov, ktoré determinujú čínsky rastový potenciál, je štrukturálna zmena vyvolaná reformami. Poznanie jej vzniku a dôsledkov, ktoré vyvolala, umožňuje lepšie pochopiť procesy prebiehajúce vo vnútri čínskej ekonomiky. Dôležitým trendom je tvorba úspor, ktoré sú významným zdrojom...
Salvato in:
| Autore principale: | |
|---|---|
| Natura: | Capitolo di libro |
| Lingua: | slovacco |
| Soggetti: | |
| Tags: |
Nessun Tag, puoi essere il primo ad aggiungerne!!
|
MARC
| LEADER | 00000naa a2200000 4500 | ||
|---|---|---|---|
| 001 | 0146761 | ||
| 005 | 20240502072641.5 | ||
| 041 | 0 | |a slo | |
| 044 | |a SK | ||
| 245 | 1 | 0 | |a Čínsky model ekonomického rastu v procese hospodárskych reforiem |c Mária Fertaľová |
| 520 | |a Jedným z kľúčových faktorov, ktoré determinujú čínsky rastový potenciál, je štrukturálna zmena vyvolaná reformami. Poznanie jej vzniku a dôsledkov, ktoré vyvolala, umožňuje lepšie pochopiť procesy prebiehajúce vo vnútri čínskej ekonomiky. Dôležitým trendom je tvorba úspor, ktoré sú významným zdrojom rastu čínskej ekonomiky. Analýza vzťahu medzi štrukturálnou zmenou, rastom produktivity výrobných faktorov a technologickou zmenou. Úloha pracovných síl, ktoré sú jednak objektom štrukturálnej zmeny a jednak na úrovni domácností aj významným zdrojom úspor. Hodnotenie vzťahu medzi úsporami a spotrebou jednotlivých subjektov trhu. | ||
| 610 | 2 | 0 | |a Čína |
| 610 | 2 | 0 | |a reformy hospodárske |
| 610 | 2 | 0 | |a reformy štruktúrne |
| 610 | 2 | 0 | |a rast hospodársky |
| 610 | 2 | 0 | |a produktivita |
| 610 | 2 | 0 | |a faktory výrobné |
| 610 | 2 | 0 | |a spotreba |
| 100 | 1 | |a Fertaľová, Mária | |